LEADER 00871cam0 22002651 450 001 SOBE00021738 005 20150520074625.0 100 $a20120123d1991 |||||ita|0103 ba 101 $aeng 102 $aGB 200 1 $aTeaching Writing Skills$fDonn Byrne 210 $aLondon$aNew York$cLongman$d1991 215 $aV, 154 p.$d25 cm 225 2 $aLongmann Handbook for Language Teacher 410 1$1001SOBE00020787$12001 $a*Longmann Handbook for Language Teacher 700 1$aByrne$b, Donn$3A600200042391$4070$0438806 801 0$aIT$bUNISOB$c20150520$gRICA 850 $aUNISOB 852 $aUNISOB$j820$m76936 912 $aSOBE00021738 940 $aM 102 Monografia moderna SBN 941 $aM 957 $a820$b001438$gSI$d76936$1rovito$2UNISOB$3UNISOB$420120123161340.0$520120123161356.0$6rovito 996 $aTeaching writing skills..$9936320 997 $aUNISOB